| 000 | 01326nam a22003497a 4500 | ||
|---|---|---|---|
| 003 | DO-SdBPM | ||
| 005 | 20251016095550.0 | ||
| 006 | a||||er|||| 001 dd | ||
| 007 | ta | ||
| 008 | 201104e2020 dr a|||gr|||| 00| 0 spa d | ||
| 020 | _a9789945220421 | ||
| 040 |
_aDO-SdBPM _bspa _cBPMSU _drda |
||
| 041 | _hspa | ||
| 082 | 4 |
_aRD863.44 _bV335c 2020 _222 |
|
| 100 | 1 |
_aVásquez Guareño, A. _eautor |
|
| 245 | 1 | 0 |
_aCuentos realistas / _cArismendi Vásquez Guareño |
| 260 |
_b _c |
||
| 264 |
_aSanto Domingo : _bEditora Búho, _c2020 |
||
| 300 |
_a132 páginas ; _c22 cm. |
||
| 336 |
_atexto _btxt _2rdacontent |
||
| 337 |
_asin mediación _bn _2rdamedia |
||
| 338 |
_avolumen _bnc _2rdacarrier |
||
| 500 | _aIncluye datos biográficos del autor en la solapa de la cubierta | ||
| 505 | 0 | _aSobreviviente-- El mejor "lechón"-- ¡Un alma de Dios!-- Misterioso encuentro-- Combatiente sin pausa-- Los barbudos-- Alberto y los aviones-- Viaje a lo ignoto-- Rebelde-- Voluntad de acero-- Violeta y Adolfo -- Crónica de un viaje a Europa. | |
| 590 | _aInventariado, 2025 /VM | ||
| 650 | 7 | _aCuentos dominicanos | |
| 650 | 7 |
_aRelatos personales _vCuentos |
|
| 650 | 7 | _aLiteratura dominicana. | |
| 651 | 7 |
_aRepública Dominicana _xHistoria _vCuentos. |
|
| 910 | _aVMateo V. Control de calidad BPMSU | ||
| 942 |
_2ddc _cBK |
||
| 999 |
_c15452 _d15452 |
||